Relativity (Record no. 17612)

MARC details
000 -LEADER
fixed length control field 00540nam a2200193Ia 4500
003 - CONTROL NUMBER IDENTIFIER
control field IN-BaIIA
008 - FIXED-LENGTH DATA ELEMENTS--GENERAL INFORMATION
fixed length control field 211028s9999 xx 000 0 eng d
020 ## - INTERNATIONAL STANDARD BOOK NUMBER
International Standard Book Number 978-93-80179-03-2
040 ## - CATALOGING SOURCE
Transcribing agency IIA Library
080 ## - UNIVERSAL DECIMAL CLASSIFICATION NUMBER
Universal Decimal Classification number 524.834
Item number BRE
100 ## - MAIN ENTRY--PERSONAL NAME
Personal name Brewster, Hilary D.
9 (RLIN) 33312
245 #0 - TITLE STATEMENT
Title Relativity
Statement of responsibility, etc. Hilary D. Brewster
260 ## - PUBLICATION, DISTRIBUTION, ETC.
Place of publication, distribution, etc. Jaipur
Name of publisher, distributor, etc. Oxford Book Company
Date of publication, distribution, etc. 2009
300 ## - PHYSICAL DESCRIPTION
Extent v, 299p.
650 ## - SUBJECT ADDED ENTRY--TOPICAL TERM
Topical term or geographic name entry element Black holes
9 (RLIN) 7728
650 ## - SUBJECT ADDED ENTRY--TOPICAL TERM
Topical term or geographic name entry element Spacetime
9 (RLIN) 9885
650 ## - SUBJECT ADDED ENTRY--TOPICAL TERM
Topical term or geographic name entry element the Universe
942 ## - ADDED ENTRY ELEMENTS (KOHA)
Koha item type Books
Holdings
Withdrawn status Lost status Damaged status Not for loan Home library Current library Shelving location Date acquired Source of acquisition Cost, normal purchase price Total Checkouts Full call number Barcode Date last seen Date last checked out Cost, replacement price Price effective from Koha item type Purchase Price
        IIA Library-Bangalore IIA Library-Bangalore General Stacks 06/02/2010 ANJ 11727.00 1 524.834/ BRE 18534 28/02/2025 07/02/2025 11727.00 06/02/2010 Books Rs. 11727.00

Powered by Koha